000 00558cam a2200193 4500500
005 20260329004755.0
041 _afre
042 _adc
100 1 0 _aLarmagnac-Matheron, Octave
_eauthor
245 0 0 _a1 an
260 _c2021.
500 _a82
690 _aÂge
690 _aEspérance de vie
690 _aÉtats-Unis
690 _aSteven Pinker
786 0 _nPhilosophie magazine | 148 | 4 | 2021-04-01 | p. 12-12 | 1951-1787
856 4 1 _uhttps://shs.cairn.info/magazine-philosophie-magazine-2021-4-page-12?lang=fr&redirect-ssocas=7080
999 _c1837167
_d1837167